Идентификация параметрических возмущений в электромеханических объектах; Известия вузов. Электромеханика; № 1
| Parent link: | Известия вузов. Электромеханика/ Южно-Российский государственный технический университет (Новочеркасский политехнический институт) (ЮРГТУ (НПИ)).— , 1958- № 1.— 2014.— [С. 63-66] |
|---|---|
| 1. Verfasser: | |
| Körperschaft: | |
| Zusammenfassung: | Заглавие с экрана Рассматривается идентификация параметрических возмущений в электромеханических объектах на основе теории чувствительности. Авторы предлагают субоптимальный алгоритм для идентификации неизвестных параметров по минимизации квадратичных остаточных критериев измеренных и наблюдаемых переменных состояния на отрезке времени. Алгоритм идентификации тестируется на задаче оценки динамических и статических моментов электродвигателя, значения которых могут варьироваться в широком диапазоне. The article considers the identification of parametric perturbations in electromechanical objects on the basis of the theory of sensitivity. Authors propose sub-optimal algorithm for the identification of unknown parameters by minimizing the quadratic residual criterion of measured and observed state variables on the time interval. Identification algorithm is tested on the problem of estimation of dynamic and static moments of electric engine, the values of which can vary in wide range. Режим доступа: по договору с организацией-держателем ресурса |
| Sprache: | Russisch |
| Veröffentlicht: |
2014
|
| Schlagworte: | |
| Online-Zugang: | http://elibrary.ru/item.asp?id=21275038 |
| Format: | MixedMaterials Elektronisch Buchkapitel |
| KOHA link: | https://koha.lib.tpu.ru/cgi-bin/koha/opac-detail.pl?biblionumber=644860 |
MARC
| LEADER | 00000nla0a2200000 4500 | ||
|---|---|---|---|
| 001 | 644860 | ||
| 005 | 20250318144849.0 | ||
| 035 | |a (RuTPU)RU\TPU\network\9944 | ||
| 035 | |a RU\TPU\network\9942 | ||
| 090 | |a 644860 | ||
| 100 | |a 20151202d2014 k||y0rusy50 ca | ||
| 101 | 0 | |a rus | |
| 102 | |a RU | ||
| 135 | |a drcn ---uucaa | ||
| 181 | 0 | |a i | |
| 182 | 0 | |a b | |
| 200 | 1 | |a Идентификация параметрических возмущений в электромеханических объектах |f В. Г. Букреев | |
| 203 | |a Текст |c электронный | ||
| 300 | |a Заглавие с экрана | ||
| 320 | |a [Библиогр.: с. 66 (5 назв.)] | ||
| 330 | |a Рассматривается идентификация параметрических возмущений в электромеханических объектах на основе теории чувствительности. Авторы предлагают субоптимальный алгоритм для идентификации неизвестных параметров по минимизации квадратичных остаточных критериев измеренных и наблюдаемых переменных состояния на отрезке времени. Алгоритм идентификации тестируется на задаче оценки динамических и статических моментов электродвигателя, значения которых могут варьироваться в широком диапазоне. | ||
| 330 | |a The article considers the identification of parametric perturbations in electromechanical objects on the basis of the theory of sensitivity. Authors propose sub-optimal algorithm for the identification of unknown parameters by minimizing the quadratic residual criterion of measured and observed state variables on the time interval. Identification algorithm is tested on the problem of estimation of dynamic and static moments of electric engine, the values of which can vary in wide range. | ||
| 333 | |a Режим доступа: по договору с организацией-держателем ресурса | ||
| 461 | |t Известия вузов. Электромеханика |f Южно-Российский государственный технический университет (Новочеркасский политехнический институт) (ЮРГТУ (НПИ)) |d 1958- | ||
| 463 | |t № 1 |v [С. 63-66] |d 2014 | ||
| 610 | 1 | |a электронный ресурс | |
| 610 | 1 | |a труды учёных ТПУ | |
| 610 | 1 | |a электромеханические объекты | |
| 610 | 1 | |a теория чувствительности | |
| 610 | 1 | |a электроприводы | |
| 610 | 1 | |a параметрические возмущения | |
| 610 | 1 | |a нестационарные параметры | |
| 610 | 1 | |a идентификация | |
| 700 | 1 | |a Букреев |b В. Г. |c специалист в области электротехники |c профессор Томского политехнического университета, доктор технических наук |f 1952- |g Виктор Григорьевич |3 (RuTPU)RU\TPU\pers\26527 |9 12221 | |
| 712 | 0 | 2 | |a Национальный исследовательский Томский политехнический университет (ТПУ) |b Энергетический институт (ЭНИН) |b Кафедра электропривода и электрооборудования (ЭПЭО) |3 (RuTPU)RU\TPU\col\18674 |
| 801 | 2 | |a RU |b 63413507 |c 20151202 |g RCR | |
| 856 | 4 | |u http://elibrary.ru/item.asp?id=21275038 | |
| 942 | |c CF | ||